01959cam a2200253 a 450000100090000000300050000900500170001400800410003101000170007202000180008902000300010703500240013704000350016105000220019608200080021810000200022624500840024625000170033026000550034730000270040250000410042950511950047065000400166515816539PILC20160616133250.0090714s2010 cou b 000 0 eng  a 2009028885 a9781601421517 a9781601422590 (eletronic) a(OCoLC)ocn326533972 aDLCcDLCdBTCTAdZPXdLMRdDLC00aBT 77b.H283 201000a2301 aHarris, Joshua.10aDug down deep :bunearthing what I believe and why it matters /cJoshua Harris. a1st edition. aColorado Springs, Colo. :bMultnomah Books,c2010. ax, 241 pages ;c24 cm. aIncludes bibliographical references.0 aMy Rumspringa -- "We're all theologians : the question is whether what we know about God is true" -- In which I learn to dig -- "Underneath was a deeper question : what would I build my life on?" -- Near but not in my pocket -- "God is utterly different from me and that is utterly wonderful" -- Ripping, burning, eating -- "When we read the Bible, it opens us up, it reads us" -- God with a bellybutton -- "Jesus is unique and He came to accomplish something that no one else could" -- A way to be good again -- "For too long the news that Jesus died for my sins had no real meaning" -- How Jesus saved gregg -- "How does redemption accomplished outside Jerusalem give life to a young man on a California beach?" -- Changed, changing, to be changed -- "Sanctification is work but it's good work : the privilege of the redeemed" -- I believe in the Holy Spirit -- "I longed to know that God was present, that I was doing more than singing songs to the ceiling" -- The invisible made visible -- "God's plan has always been a group plan : He reveals himself through His people" -- Humble orthodoxy -- "Here's what deflates my arrogance faster than anything : trying to live the truth I have". 0aTheology, DoctrinalvPopular works.